Southville International School and Colleges
Your cart is empty.
  • Cart
  • Lists
    Public lists Eva Luna New books Lux_list list_1
    Your lists Log in to create your own lists
  • Log in to your account
  • Your cookies
  • Search history
Southville International School and Colleges
  • Advanced search
  • Recent comments
  • Most popular
  • Libraries

Log in to your account

Log in with GOOGLE


If you do not have an external account, but do have a local account, you can still log in:

  1. Home
  2. MARC view: Conceptual physics /
Normal view MARC view ISBD view

Conceptual physics / (Record no. 296245)

[ view plain ]
MARC details
000 -LEADER
fixed length control field 00465nam a22001697a 4500
003 - CONTROL NUMBER IDENTIFIER
control field SISC
005 - DATE AND TIME OF LATEST TRANSACTION
control field 20160711160705.0
008 - FIXED-LENGTH DATA ELEMENTS--GENERAL INFORMATION
fixed length control field 160711b xxu||||| |||| 00| 0 eng d
020 ## - INTERNATIONAL STANDARD BOOK NUMBER
International Standard Book Number 0805391983
050 ## - LIBRARY OF CONGRESS CALL NUMBER
Classification number QC 23 . H611 2006
245 ## - TITLE STATEMENT
Title Conceptual physics /
Statement of responsibility, etc Adam Black, editor-in-chief.
250 ## - EDITION STATEMENT
Edition statement 10th ed.
260 ## - PUBLICATION, DISTRIBUTION, ETC. (IMPRINT)
Place of publication, distribution, etc San Francisco, USA :
Name of publisher, distributor, etc Pearson,
Date of publication, distribution, etc c2006.
300 ## - PHYSICAL DESCRIPTION
Extent 291 p. :
Other physical details ill. ;
Dimensions 26 cm.
650 ## - SUBJECT ADDED ENTRY--TOPICAL TERM
Topical term or geographic name as entry element Physics.
942 ## - ADDED ENTRY ELEMENTS (KOHA)
Source of classification or shelving scheme Library of Congress Classification
Koha item type Books
Holdings
Withdrawn status Lost status Source of classification or shelving scheme Damaged status Home library Current library Shelving location Date acquired Source of acquisition Sub Shelving location Total Checkouts Full call number Barcode Date last seen Date checked out Price effective from Koha item type
    Library of Congress Classification   Luxembourg Library Luxembourg Library High School Section 07/11/2016 Donation   5 QC 23 . H611 2006 20266 11/21/2024 11/14/2024 07/11/2016 Books

Conceptual physics /

APA

(2006). Conceptual physics. San Francisco, USA: Pearson.

Chicago

2006. Conceptual physics. San Francisco, USA: Pearson.

Harvard

(2006). Conceptual physics. San Francisco, USA: Pearson.

MLA

Conceptual physics. San Francisco, USA: Pearson. 2006.

  • Place hold
  • Print
  • Cite
  • Add to your cart (remove)
  • Save record
    BIBTEX Dublin Core MARCXML MARC (non-Unicode/MARC-8) MARC (Unicode/UTF-8) MARC (Unicode/UTF-8, Standard) MODS (XML) RIS
  • More searches
    Search for this title in:
    Other Libraries (WorldCat) Other Databases (Google Scholar) Online Stores (Bookfinder.com) Open Library (openlibrary.org)

Exporting to Dublin Core...

SOUTHVILLE LIBRARY

Southville International School and Colleges Library

1281 Tropical Ave. Cor. Luxembourg St., BF Homes International, Las Pinas City

Tel. No. 8256374 / 252358 Loc. 117/146

Powered by Koha